Economics : Principles and practices

Tallennettuna:
Bibliografiset tiedot
Päätekijä: Clayton, Gary E.
Aineistotyyppi: Kirja
Kieli:Undetermined
Julkaistu: New York McGraw-Hill 2001
Aiheet:
Tagit: Lisää tagi
Ei tageja, Lisää ensimmäinen tagi!
Thư viện lưu trữ: Trung tâm Học liệu Trường Đại học Cần Thơ
LEADER 00491nam a2200193Ia 4500
001 CTU_109629
008 210402s9999 xx 000 0 und d
082 |a 330 
082 |b C619 
100 |a Clayton, Gary E. 
245 0 |a Economics : 
245 0 |b Principles and practices 
245 0 |c Gary E. Clayton 
260 |a New York 
260 |b McGraw-Hill 
260 |c 2001 
650 |a Economics 
904 |i Năm, Q. Hieu 
980 |a Trung tâm Học liệu Trường Đại học Cần Thơ